书目信息 |
| 题名: |
路面结构动力学
|
|
| 作者: | 钱振东 , 张磊 , 陈磊磊 编著 | |
| 分册: | ||
| 出版信息: | 南京 东南大学出版社 2010.11 |
|
| 页数: | 194页 | |
| 开本: | 26cm | |
| 丛书名: | ||
| 单 册: | ||
| 中图分类: | U416.201 | |
| 科图分类: | ||
| 主题词: | 路面--lu mian--工程结构--结构动力学 | |
| 电子资源: | ||
| ISBN: | 978-7-5641-2486-1 | |
| 000 | 00910nam0 2200277 450 | |
| 001 | 012011592159 | |
| 005 | 20110730163438.14 | |
| 010 | @a978-7-5641-2486-1@dCNY32.00 | |
| 100 | @a20110730d2010 em y0chiy0120 ea | |
| 101 | 0 | @achi |
| 102 | @aCN@b320000 | |
| 105 | @aak a 000yy | |
| 106 | @ar | |
| 200 | 1 | @a路面结构动力学@Alu mian jie gou dong li xue@f钱振东, 张磊, 陈磊磊编著@Fqian zhen dong,zhang lei,chen lei lei bian zhu |
| 210 | @a南京@c东南大学出版社@d2010.11 | |
| 215 | @a194页@c图@d26cm | |
| 300 | @a东南大学科技出版基金资助 | |
| 320 | @a有书目 | |
| 330 | @a本书包括绪论、结构动力学基础理论、沥青路面材料动态参数等。 | |
| 606 | 0 | @a路面@Alu mian@x工程结构@x结构动力学 |
| 690 | @aU416.201@v4 | |
| 701 | 0 | @a钱振东@Aqian zhen dong@4编著 |
| 701 | 0 | @a张磊@Azhang lei@4编著 |
| 701 | 0 | @a陈磊磊@Achen lei lei@4编著 |
| 801 | 0 | @aCN@bQSSK@c20110730 |
| 905 | @b794070-72@dU416.201@eQ270@f3 | |
| 路面结构动力学/钱振东, 张磊, 陈磊磊编著.-南京:东南大学出版社,2010.11 |
| 194页:图;26cm |
| 东南大学科技出版基金资助 |
| ISBN 978-7-5641-2486-1:CNY32.00 |
| 本书包括绪论、结构动力学基础理论、沥青路面材料动态参数等。 |
| ● |
| 相关链接 |
|
|
|
正题名:路面结构动力学
索取号:U416.201/Q270
 
预约/预借
| 序号 | 登录号 | 条形码 | 馆藏地/架位号 | 状态 | 备注 |
| 1 | 794070 | 207940709 | 土木与交通工程学院资料室/土木与交通学院资料室 1排1列1层/ [索取号:U416.201/Q270] | 在馆 | |
| 2 | 794071 | 207940718 | 土木与交通工程学院资料室/土木与交通学院资料室 1排1列1层/ [索取号:U416.201/Q270] | 在馆 | |
| 3 | 794072 | 207940727 | 自科库501/501自科库 53排2列4层/ [索取号:U416.201/Q270] | 在馆 |